Представление документа в формате MARC21

Поле Инд. ПП Название Значение
Тип записи a
Библиографический уровень m
001 _ Контрольный номер RU\infra-m\znanium\bibl\1090565
005 _ Дата корректировки 20250915104121.5
008 Кодируемые данные 220324s2022 RU g rus u
020 a ISBN 978-5-369-00784-6
020 a ISBN 978-5-16-110411-8
020 a ISBN 978-5-16-004654-9
040 a Служба первич. каталог. Общество с ограниченной ответственностью «ЗНАНИУМ»
041 a Код языка текста rus
044 a Код страны публикации RU
080 a Индекс УДК 808.2(075.8)
084 2 Источник индекса rubbk
a Индекс другой классификации/Индекс ББК 81.2-5я73
084 2 Источник индекса okso
a Индекс другой классификации/Индекс ББК 00.05.09
084 2 Источник индекса okso
a Индекс другой классификации/Индекс ББК 00.03.09
100 1_ a Автор Машина Ольга Юрьевна
q Полное имя Ольга Юрьевна
245 a Заглавие Русский язык и культура речи
b Продолж. заглавия Учебное пособие
c Ответственность Новгородский государственный университет им. Ярослава Мудрого
250 a Основные сведения об издании 2
260 a Место издания Москва
b Издательство Издательский Центр РИОР
c Дата издания 2020
300 a Объем 168 с.
440 a Серия Высшее образование: Бакалавриат
520 a Аннотация В учебном пособии даны теоретические материалы и практические задания к курсу «Русский язык и культура речи» с упражнениями к ним.
521 a Примеч. о целев. назн. ВО - Бакалавриат
650 a Основная рубрика Филологические науки
x Основная подрубрика Русский язык
852 x Примечание, не предназначенное для пользователя znanium2023
856 4_ a Имя сервера/домена znanium.com
m Помощь ebs_support@infra-m.ru
n Местонахождение сервера НИЦ ИНФРА-М
u URL https://znanium.com/catalog/document?id=398411
z Примечание для пользователя Участвует в КО
856 41 a Имя сервера/домена znanium.com
d Путь /cover/1090
f Электронное имя 1090565.jpg
q Тип электронного формата image/jpeg
u URL https://znanium.com/cover/1090/1090565.jpg